| 000 | 00828cam a22002415a 4500 | ||
|---|---|---|---|
| 001 | L155741 | ||
| 008 | 120413s2012 xxko f 000 0 eng d | ||
| 020 | _a9781848062573 | ||
| 035 | _a(Sirsi) u155741 | ||
| 041 | 0 | _aeng | |
| 100 | 1 | _aCrookes, Mike | |
| 245 | 0 | 0 |
_aLCA and reach _bthe relationship between life-cycle assessment and the regulation on the registration, evaluation, authorisation and restriction of chemicals. |
| 260 |
_aWatford _bBRE _c2012 |
||
| 300 |
_a12p. _bill. _c30cm. |
||
| 490 | 0 |
_aBRE Information Paper _v(7/12) |
|
| 520 | _aProvides information to product manufacturers and product specifiers on the relationship between LCA and REACH. | ||
| 521 | _aAdvanced | ||
| 590 | _aKA | ||
| 651 | 4 |
_aUnited Kingdom _y |
|
| 690 |
_aBuilding regulations _96224 |
||
| 700 | 1 | _aLivesey, Katie | |
| 942 | _n0 | ||
| 999 |
_c113786 _d113786 |
||